00365nam a2200145Ia 45000030006000000080041000060400015000471000024000622450050000862500006001362600044001423000006001865460010001920050017002020STCL150530s9999 xx 000 0 und d aSTCLcSTCL aNand Kishore Vikram aIsmath Choogathaei Aur Unki Sreshta Kahaniyam a1 bIndraPrastha Prakashanc2009aNew Delhi a0 aHindi20220125171240.0